<?xml version="1.0" encoding="UTF-8"?>
<record
    xmlns:xsi="http://www.w3.org/2001/XMLSchema-instance"
    xsi:schemaLocation="http://www.loc.gov/MARC21/slim http://www.loc.gov/standards/marcxml/schema/MARC21slim.xsd"
    xmlns="http://www.loc.gov/MARC21/slim">

  <leader>00957nam a22002657a 4500</leader>
  <controlfield tag="005">20160229144555.0</controlfield>
  <datafield tag="010" ind1=" " ind2=" ">
    <subfield code="a">1516EN07    ENG-114830</subfield>
  </datafield>
  <datafield tag="020" ind1=" " ind2=" ">
    <subfield code="a">9789332549555</subfield>
    <subfield code="c">550.00</subfield>
  </datafield>
  <datafield tag="035" ind1=" " ind2=" ">
    <subfield code="a">EN-98362</subfield>
  </datafield>
  <datafield tag="035" ind1=" " ind2=" ">
    <subfield code="a">b-613962-988</subfield>
  </datafield>
  <datafield tag="037" ind1=" " ind2=" ">
    <subfield code="a">DPL</subfield>
    <subfield code="b">Techniz/Ven</subfield>
  </datafield>
  <datafield tag="037" ind1=" " ind2=" ">
    <subfield code="b">DBAD/PUB</subfield>
  </datafield>
  <datafield tag="082" ind1=" " ind2=" ">
    <subfield code="a">519.535</subfield>
  </datafield>
  <datafield tag="100" ind1=" " ind2=" ">
    <subfield code="a">Johnson, Richard A.</subfield>
  </datafield>
  <datafield tag="245" ind1=" " ind2=" ">
    <subfield code="a">Applied multivariate statistical analysis /</subfield>
    <subfield code="c">by Richard A.Johnson [and] Dean W. Wichern</subfield>
  </datafield>
  <datafield tag="250" ind1=" " ind2=" ">
    <subfield code="a">6th ed</subfield>
  </datafield>
  <datafield tag="260" ind1=" " ind2=" ">
    <subfield code="a">Noida</subfield>
    <subfield code="b">Pearson Education</subfield>
    <subfield code="c">2015</subfield>
  </datafield>
  <datafield tag="270" ind1=" " ind2=" ">
    <subfield code="a">7th Floor,Knowledge Boulevard, A-(8) Sector-62,</subfield>
    <subfield code="b">Noida</subfield>
    <subfield code="e">201309</subfield>
  </datafield>
  <datafield tag="300" ind1=" " ind2=" ">
    <subfield code="a">770p. :                   </subfield>
    <subfield code="c">24cm(pbk)</subfield>
    <subfield code="b">ill.</subfield>
  </datafield>
  <datafield tag="500" ind1=" " ind2=" ">
    <subfield code="a">Includes index</subfield>
  </datafield>
  <datafield tag="650" ind1=" " ind2=" ">
    <subfield code="a"> Multivariate analysis.</subfield>
  </datafield>
  <datafield tag="700" ind1=" " ind2=" ">
    <subfield code="a">Wichern, Dean W.</subfield>
  </datafield>
  <datafield tag="942" ind1=" " ind2=" ">
    <subfield code="2">ddc</subfield>
    <subfield code="c">EN</subfield>
    <subfield code="m">JOH</subfield>
    <subfield code="h">519.535</subfield>
  </datafield>
  <datafield tag="999" ind1=" " ind2=" ">
    <subfield code="c">96009</subfield>
    <subfield code="d">96009</subfield>
  </datafield>
  <datafield tag="952" ind1=" " ind2=" ">
    <subfield code="0">0</subfield>
    <subfield code="1">0</subfield>
    <subfield code="4">0</subfield>
    <subfield code="7">1</subfield>
    <subfield code="8">NFIC</subfield>
    <subfield code="a">DBAD</subfield>
    <subfield code="b">DBAD</subfield>
    <subfield code="d">2016-02-05</subfield>
    <subfield code="e">DBAD/PUB</subfield>
    <subfield code="g">550.00</subfield>
    <subfield code="l">0</subfield>
    <subfield code="o">519.535 JOH</subfield>
    <subfield code="p">EN-98362</subfield>
    <subfield code="r">2016-02-05 00:00:00</subfield>
    <subfield code="t">1</subfield>
    <subfield code="v">550.00</subfield>
    <subfield code="y">EN</subfield>
  </datafield>
  <datafield tag="952" ind1=" " ind2=" ">
    <subfield code="0">0</subfield>
    <subfield code="1">0</subfield>
    <subfield code="4">0</subfield>
    <subfield code="7">0</subfield>
    <subfield code="8">NFIC</subfield>
    <subfield code="a">L</subfield>
    <subfield code="b">L</subfield>
    <subfield code="d">2016-02-29</subfield>
    <subfield code="e">TZ-15261-C/24.9.2015/144/16.9.2015/4.11.2015</subfield>
    <subfield code="g">579.00</subfield>
    <subfield code="l">2</subfield>
    <subfield code="o">519.535 JOH</subfield>
    <subfield code="p">B-613962</subfield>
    <subfield code="r">2020-02-25 00:00:00</subfield>
    <subfield code="s">2019-11-16</subfield>
    <subfield code="t">1</subfield>
    <subfield code="v">579.00</subfield>
    <subfield code="y">EN</subfield>
  </datafield>
  <datafield tag="952" ind1=" " ind2=" ">
    <subfield code="0">0</subfield>
    <subfield code="1">0</subfield>
    <subfield code="4">0</subfield>
    <subfield code="7">1</subfield>
    <subfield code="8">REF</subfield>
    <subfield code="a">L</subfield>
    <subfield code="b">L</subfield>
    <subfield code="d">2016-02-29</subfield>
    <subfield code="e">TZ-15261-C/24.9.2015/144/16.9.2015/4.11.2015</subfield>
    <subfield code="g">579.00</subfield>
    <subfield code="l">0</subfield>
    <subfield code="o">519.535 JOH</subfield>
    <subfield code="p">B-613963</subfield>
    <subfield code="r">2016-02-29 00:00:00</subfield>
    <subfield code="t">1</subfield>
    <subfield code="v">579.00</subfield>
    <subfield code="y">EN</subfield>
  </datafield>
  <datafield tag="952" ind1=" " ind2=" ">
    <subfield code="0">0</subfield>
    <subfield code="1">0</subfield>
    <subfield code="4">0</subfield>
    <subfield code="7">0</subfield>
    <subfield code="8">NFIC</subfield>
    <subfield code="a">M</subfield>
    <subfield code="b">M</subfield>
    <subfield code="d">2016-02-29</subfield>
    <subfield code="e">TZ-15261-C/24.9.2015/144/16.9.2015/4.11.2015</subfield>
    <subfield code="g">579.00</subfield>
    <subfield code="l">0</subfield>
    <subfield code="o">519.535 JOH</subfield>
    <subfield code="p">B-613964</subfield>
    <subfield code="r">2016-02-29 00:00:00</subfield>
    <subfield code="t">4</subfield>
    <subfield code="v">579.00</subfield>
    <subfield code="y">EN</subfield>
  </datafield>
  <datafield tag="952" ind1=" " ind2=" ">
    <subfield code="0">0</subfield>
    <subfield code="1">0</subfield>
    <subfield code="4">0</subfield>
    <subfield code="7">0</subfield>
    <subfield code="8">NFIC</subfield>
    <subfield code="a">M</subfield>
    <subfield code="b">M</subfield>
    <subfield code="d">2016-02-29</subfield>
    <subfield code="e">TZ-15261-C/24.9.2015/144/16.9.2015/4.11.2015</subfield>
    <subfield code="g">579.00</subfield>
    <subfield code="l">0</subfield>
    <subfield code="o">519.535 JOH</subfield>
    <subfield code="p">B-613965</subfield>
    <subfield code="r">2016-02-29 00:00:00</subfield>
    <subfield code="t">4</subfield>
    <subfield code="v">579.00</subfield>
    <subfield code="y">EN</subfield>
  </datafield>
  <datafield tag="952" ind1=" " ind2=" ">
    <subfield code="0">0</subfield>
    <subfield code="1">0</subfield>
    <subfield code="4">0</subfield>
    <subfield code="7">0</subfield>
    <subfield code="8">NFIC</subfield>
    <subfield code="a">M</subfield>
    <subfield code="b">M</subfield>
    <subfield code="d">2016-02-29</subfield>
    <subfield code="e">TZ-15261-C/24.9.2015/144/16.9.2015/4.11.2015</subfield>
    <subfield code="g">579.00</subfield>
    <subfield code="l">0</subfield>
    <subfield code="o">519.535 JOH</subfield>
    <subfield code="p">B-613966</subfield>
    <subfield code="r">2016-02-29 00:00:00</subfield>
    <subfield code="t">4</subfield>
    <subfield code="v">579.00</subfield>
    <subfield code="y">EN</subfield>
  </datafield>
  <datafield tag="952" ind1=" " ind2=" ">
    <subfield code="0">0</subfield>
    <subfield code="1">0</subfield>
    <subfield code="4">0</subfield>
    <subfield code="7">0</subfield>
    <subfield code="8">NFIC</subfield>
    <subfield code="a">M</subfield>
    <subfield code="b">M</subfield>
    <subfield code="d">2016-02-29</subfield>
    <subfield code="e">TZ-15261-C/24.9.2015/144/16.9.2015/4.11.2015</subfield>
    <subfield code="g">579.00</subfield>
    <subfield code="l">0</subfield>
    <subfield code="o">519.535 JOH</subfield>
    <subfield code="p">B-613967</subfield>
    <subfield code="r">2016-02-29 00:00:00</subfield>
    <subfield code="t">4</subfield>
    <subfield code="v">579.00</subfield>
    <subfield code="y">EN</subfield>
  </datafield>
  <datafield tag="952" ind1=" " ind2=" ">
    <subfield code="0">0</subfield>
    <subfield code="1">0</subfield>
    <subfield code="4">0</subfield>
    <subfield code="7">0</subfield>
    <subfield code="8">NFIC</subfield>
    <subfield code="a">NPL</subfield>
    <subfield code="b">NPL</subfield>
    <subfield code="d">2016-02-29</subfield>
    <subfield code="e">TZ-15261-C/24.9.2015/144/16.9.2015/4.11.2015</subfield>
    <subfield code="g">579.00</subfield>
    <subfield code="l">0</subfield>
    <subfield code="o">519.535 JOH</subfield>
    <subfield code="p">B-613968</subfield>
    <subfield code="r">2016-02-29 00:00:00</subfield>
    <subfield code="t">1</subfield>
    <subfield code="v">579.00</subfield>
    <subfield code="y">EN</subfield>
  </datafield>
  <datafield tag="952" ind1=" " ind2=" ">
    <subfield code="0">0</subfield>
    <subfield code="1">0</subfield>
    <subfield code="4">0</subfield>
    <subfield code="7">0</subfield>
    <subfield code="8">NFIC</subfield>
    <subfield code="a">BL1</subfield>
    <subfield code="b">BL1</subfield>
    <subfield code="d">2016-02-29</subfield>
    <subfield code="e">TZ-15261-C/24.9.2015/144/16.9.2015/4.11.2015</subfield>
    <subfield code="g">579.00</subfield>
    <subfield code="l">0</subfield>
    <subfield code="o">519.535 JOH</subfield>
    <subfield code="p">B-613969</subfield>
    <subfield code="r">2016-02-29 00:00:00</subfield>
    <subfield code="t">1</subfield>
    <subfield code="v">579.00</subfield>
    <subfield code="y">EN</subfield>
  </datafield>
  <datafield tag="952" ind1=" " ind2=" ">
    <subfield code="0">0</subfield>
    <subfield code="1">0</subfield>
    <subfield code="4">0</subfield>
    <subfield code="7">0</subfield>
    <subfield code="8">NFIC</subfield>
    <subfield code="a">KGM</subfield>
    <subfield code="b">KGM</subfield>
    <subfield code="d">2016-02-29</subfield>
    <subfield code="e">TZ-15261-C/24.9.2015/144/16.9.2015/4.11.2015</subfield>
    <subfield code="g">579.00</subfield>
    <subfield code="l">0</subfield>
    <subfield code="o">519.535 JOH</subfield>
    <subfield code="p">B-613970</subfield>
    <subfield code="r">2016-02-29 00:00:00</subfield>
    <subfield code="t">1</subfield>
    <subfield code="v">579.00</subfield>
    <subfield code="y">EN</subfield>
  </datafield>
  <datafield tag="952" ind1=" " ind2=" ">
    <subfield code="0">0</subfield>
    <subfield code="1">0</subfield>
    <subfield code="4">0</subfield>
    <subfield code="7">0</subfield>
    <subfield code="8">NFIC</subfield>
    <subfield code="a">PR</subfield>
    <subfield code="b">PR</subfield>
    <subfield code="d">2016-02-29</subfield>
    <subfield code="e">TZ-15261-C/24.9.2015/144/16.9.2015/4.11.2015</subfield>
    <subfield code="g">579.00</subfield>
    <subfield code="l">0</subfield>
    <subfield code="o">519.535 JOH</subfield>
    <subfield code="p">B-613971</subfield>
    <subfield code="r">2016-02-29 00:00:00</subfield>
    <subfield code="t">1</subfield>
    <subfield code="v">579.00</subfield>
    <subfield code="y">EN</subfield>
  </datafield>
  <datafield tag="952" ind1=" " ind2=" ">
    <subfield code="0">0</subfield>
    <subfield code="1">0</subfield>
    <subfield code="4">0</subfield>
    <subfield code="7">0</subfield>
    <subfield code="8">NFIC</subfield>
    <subfield code="a">TN</subfield>
    <subfield code="b">TN</subfield>
    <subfield code="d">2016-02-29</subfield>
    <subfield code="e">TZ-15261-C/24.9.2015/144/16.9.2015/4.11.2015</subfield>
    <subfield code="g">579.00</subfield>
    <subfield code="l">0</subfield>
    <subfield code="o">519.535 JOH</subfield>
    <subfield code="p">B-613972</subfield>
    <subfield code="r">2016-02-29 00:00:00</subfield>
    <subfield code="t">1</subfield>
    <subfield code="v">579.00</subfield>
    <subfield code="y">EN</subfield>
  </datafield>
  <datafield tag="952" ind1=" " ind2=" ">
    <subfield code="0">0</subfield>
    <subfield code="1">0</subfield>
    <subfield code="4">0</subfield>
    <subfield code="7">0</subfield>
    <subfield code="8">NFIC</subfield>
    <subfield code="a">JP</subfield>
    <subfield code="b">JP</subfield>
    <subfield code="d">2016-02-29</subfield>
    <subfield code="e">TZ-15261-C/24.9.2015/144/16.9.2015/4.11.2015</subfield>
    <subfield code="g">579.00</subfield>
    <subfield code="l">2</subfield>
    <subfield code="o">519.535 JOH</subfield>
    <subfield code="p">B-613973</subfield>
    <subfield code="r">2017-01-04 00:00:00</subfield>
    <subfield code="s">2016-12-23</subfield>
    <subfield code="t">1</subfield>
    <subfield code="v">579.00</subfield>
    <subfield code="y">EN</subfield>
  </datafield>
  <datafield tag="952" ind1=" " ind2=" ">
    <subfield code="0">0</subfield>
    <subfield code="1">0</subfield>
    <subfield code="4">0</subfield>
    <subfield code="7">0</subfield>
    <subfield code="8">NFIC</subfield>
    <subfield code="a">ZLS</subfield>
    <subfield code="b">ZLS</subfield>
    <subfield code="d">2016-02-29</subfield>
    <subfield code="e">TZ-15261-C/24.9.2015/144/16.9.2015/4.11.2015</subfield>
    <subfield code="g">579.00</subfield>
    <subfield code="l">0</subfield>
    <subfield code="o">519.535 JOH</subfield>
    <subfield code="p">B-613974</subfield>
    <subfield code="r">2016-02-29 00:00:00</subfield>
    <subfield code="t">1</subfield>
    <subfield code="v">579.00</subfield>
    <subfield code="y">EN</subfield>
  </datafield>
  <datafield tag="952" ind1=" " ind2=" ">
    <subfield code="0">0</subfield>
    <subfield code="1">0</subfield>
    <subfield code="4">0</subfield>
    <subfield code="7">0</subfield>
    <subfield code="8">NFIC</subfield>
    <subfield code="a">RKP</subfield>
    <subfield code="b">RKP</subfield>
    <subfield code="d">2016-02-29</subfield>
    <subfield code="e">TZ-15261-C/24.9.2015/144/16.9.2015/4.11.2015</subfield>
    <subfield code="g">579.00</subfield>
    <subfield code="l">2</subfield>
    <subfield code="m">2</subfield>
    <subfield code="o">519.535 JOH</subfield>
    <subfield code="p">B-613975</subfield>
    <subfield code="r">2020-06-25 00:00:00</subfield>
    <subfield code="s">2020-06-01</subfield>
    <subfield code="t">1</subfield>
    <subfield code="v">579.00</subfield>
    <subfield code="y">EN</subfield>
  </datafield>
  <datafield tag="952" ind1=" " ind2=" ">
    <subfield code="0">0</subfield>
    <subfield code="1">0</subfield>
    <subfield code="4">0</subfield>
    <subfield code="7">0</subfield>
    <subfield code="8">NFIC</subfield>
    <subfield code="a">AG</subfield>
    <subfield code="b">AG</subfield>
    <subfield code="d">2016-02-29</subfield>
    <subfield code="e">TZ-15261-C/24.9.2015/144/16.9.2015/4.11.2015</subfield>
    <subfield code="g">579.00</subfield>
    <subfield code="l">0</subfield>
    <subfield code="o">519.535 JOH</subfield>
    <subfield code="p">B-613976</subfield>
    <subfield code="r">2016-02-29 00:00:00</subfield>
    <subfield code="t">1</subfield>
    <subfield code="v">579.00</subfield>
    <subfield code="y">EN</subfield>
  </datafield>
  <datafield tag="952" ind1=" " ind2=" ">
    <subfield code="0">0</subfield>
    <subfield code="1">0</subfield>
    <subfield code="4">0</subfield>
    <subfield code="7">0</subfield>
    <subfield code="8">NFIC</subfield>
    <subfield code="a">SP</subfield>
    <subfield code="b">SP</subfield>
    <subfield code="d">2016-02-29</subfield>
    <subfield code="e">TZ-15261-C/24.9.2015/144/16.9.2015/4.11.2015</subfield>
    <subfield code="g">579.00</subfield>
    <subfield code="l">0</subfield>
    <subfield code="o">519.535 JOH</subfield>
    <subfield code="p">B-613977</subfield>
    <subfield code="r">2016-02-29 00:00:00</subfield>
    <subfield code="t">1</subfield>
    <subfield code="v">579.00</subfield>
    <subfield code="y">EN</subfield>
  </datafield>
  <datafield tag="952" ind1=" " ind2=" ">
    <subfield code="0">0</subfield>
    <subfield code="1">0</subfield>
    <subfield code="4">0</subfield>
    <subfield code="7">0</subfield>
    <subfield code="8">NFIC</subfield>
    <subfield code="a">QRP</subfield>
    <subfield code="b">QRP</subfield>
    <subfield code="d">2016-02-29</subfield>
    <subfield code="e">TZ-15261-C/24.9.2015/144/16.9.2015/4.11.2015</subfield>
    <subfield code="g">579.00</subfield>
    <subfield code="l">0</subfield>
    <subfield code="o">519.535 JOH</subfield>
    <subfield code="p">B-613978</subfield>
    <subfield code="r">2016-02-29 00:00:00</subfield>
    <subfield code="t">1</subfield>
    <subfield code="v">579.00</subfield>
    <subfield code="y">EN</subfield>
  </datafield>
  <datafield tag="952" ind1=" " ind2=" ">
    <subfield code="0">0</subfield>
    <subfield code="1">0</subfield>
    <subfield code="4">0</subfield>
    <subfield code="7">0</subfield>
    <subfield code="8">NFIC</subfield>
    <subfield code="a">VP</subfield>
    <subfield code="b">VP</subfield>
    <subfield code="d">2016-02-29</subfield>
    <subfield code="e">TZ-15261-C/24.9.2015/144/16.9.2015/4.11.2015</subfield>
    <subfield code="g">579.00</subfield>
    <subfield code="l">6</subfield>
    <subfield code="m">6</subfield>
    <subfield code="o">519.535 JOH</subfield>
    <subfield code="p">B-613979</subfield>
    <subfield code="r">2024-09-02 00:00:00</subfield>
    <subfield code="s">2024-08-17</subfield>
    <subfield code="t">1</subfield>
    <subfield code="v">579.00</subfield>
    <subfield code="y">EN</subfield>
  </datafield>
  <datafield tag="952" ind1=" " ind2=" ">
    <subfield code="0">0</subfield>
    <subfield code="1">0</subfield>
    <subfield code="4">0</subfield>
    <subfield code="7">0</subfield>
    <subfield code="8">NFIC</subfield>
    <subfield code="a">BL3</subfield>
    <subfield code="b">BL3</subfield>
    <subfield code="d">2016-02-29</subfield>
    <subfield code="e">TZ-15261-C/24.9.2015/144/16.9.2015/4.11.2015</subfield>
    <subfield code="g">579.00</subfield>
    <subfield code="l">0</subfield>
    <subfield code="o">519.535 JOH</subfield>
    <subfield code="p">B-613980</subfield>
    <subfield code="r">2016-02-29 00:00:00</subfield>
    <subfield code="t">1</subfield>
    <subfield code="v">579.00</subfield>
    <subfield code="y">EN</subfield>
  </datafield>
  <datafield tag="952" ind1=" " ind2=" ">
    <subfield code="0">0</subfield>
    <subfield code="1">0</subfield>
    <subfield code="4">0</subfield>
    <subfield code="7">0</subfield>
    <subfield code="8">NFIC</subfield>
    <subfield code="a">NRR</subfield>
    <subfield code="b">NRR</subfield>
    <subfield code="d">2016-02-29</subfield>
    <subfield code="e">TZ-15261-C/24.9.2015/144/16.9.2015/4.11.2015</subfield>
    <subfield code="g">579.00</subfield>
    <subfield code="l">0</subfield>
    <subfield code="o">519.535 JOH</subfield>
    <subfield code="p">B-613981</subfield>
    <subfield code="r">2016-02-29 00:00:00</subfield>
    <subfield code="t">1</subfield>
    <subfield code="v">579.00</subfield>
    <subfield code="y">EN</subfield>
  </datafield>
  <datafield tag="952" ind1=" " ind2=" ">
    <subfield code="0">0</subfield>
    <subfield code="1">0</subfield>
    <subfield code="4">0</subfield>
    <subfield code="7">0</subfield>
    <subfield code="8">NFIC</subfield>
    <subfield code="a">BKK</subfield>
    <subfield code="b">BKK</subfield>
    <subfield code="d">2016-02-29</subfield>
    <subfield code="e">TZ-15261-C/24.9.2015/144/16.9.2015/4.11.2015</subfield>
    <subfield code="g">579.00</subfield>
    <subfield code="l">0</subfield>
    <subfield code="o">519.535 JOH</subfield>
    <subfield code="p">B-613982</subfield>
    <subfield code="r">2016-02-29 00:00:00</subfield>
    <subfield code="t">1</subfield>
    <subfield code="v">579.00</subfield>
    <subfield code="y">EN</subfield>
  </datafield>
  <datafield tag="952" ind1=" " ind2=" ">
    <subfield code="0">0</subfield>
    <subfield code="1">5</subfield>
    <subfield code="4">0</subfield>
    <subfield code="7">0</subfield>
    <subfield code="8">NFIC</subfield>
    <subfield code="a">NR</subfield>
    <subfield code="b">NR</subfield>
    <subfield code="d">2016-02-29</subfield>
    <subfield code="e">TZ-15261-C/24.9.2015/144/16.9.2015/4.11.2015</subfield>
    <subfield code="g">579.00</subfield>
    <subfield code="l">0</subfield>
    <subfield code="o">519.535 JOH</subfield>
    <subfield code="p">B-613983</subfield>
    <subfield code="r">2016-02-29 00:00:00</subfield>
    <subfield code="t">1</subfield>
    <subfield code="v">579.00</subfield>
    <subfield code="y">EN</subfield>
  </datafield>
  <datafield tag="952" ind1=" " ind2=" ">
    <subfield code="0">0</subfield>
    <subfield code="1">0</subfield>
    <subfield code="4">0</subfield>
    <subfield code="7">0</subfield>
    <subfield code="8">NFIC</subfield>
    <subfield code="a">BN</subfield>
    <subfield code="b">BN</subfield>
    <subfield code="d">2016-02-29</subfield>
    <subfield code="e">TZ-15261-C/24.9.2015/144/16.9.2015/4.11.2015</subfield>
    <subfield code="g">579.00</subfield>
    <subfield code="l">0</subfield>
    <subfield code="o">519.535 JOH</subfield>
    <subfield code="p">B-613984</subfield>
    <subfield code="r">2016-02-29 00:00:00</subfield>
    <subfield code="t">1</subfield>
    <subfield code="v">579.00</subfield>
    <subfield code="y">EN</subfield>
  </datafield>
  <datafield tag="952" ind1=" " ind2=" ">
    <subfield code="0">0</subfield>
    <subfield code="1">0</subfield>
    <subfield code="4">0</subfield>
    <subfield code="7">0</subfield>
    <subfield code="8">NFIC</subfield>
    <subfield code="a">KV</subfield>
    <subfield code="b">KV</subfield>
    <subfield code="d">2016-02-29</subfield>
    <subfield code="e">TZ-15261-C/24.9.2015/144/16.9.2015/4.11.2015</subfield>
    <subfield code="g">579.00</subfield>
    <subfield code="l">0</subfield>
    <subfield code="o">519.535 JOH</subfield>
    <subfield code="p">B-613985</subfield>
    <subfield code="r">2016-02-29 00:00:00</subfield>
    <subfield code="t">1</subfield>
    <subfield code="v">579.00</subfield>
    <subfield code="y">EN</subfield>
  </datafield>
  <datafield tag="952" ind1=" " ind2=" ">
    <subfield code="0">0</subfield>
    <subfield code="1">0</subfield>
    <subfield code="4">0</subfield>
    <subfield code="7">0</subfield>
    <subfield code="8">NFIC</subfield>
    <subfield code="a">MV</subfield>
    <subfield code="b">MV</subfield>
    <subfield code="d">2016-02-29</subfield>
    <subfield code="e">TZ-15261-C/24.9.2015/144/16.9.2015/4.11.2015</subfield>
    <subfield code="g">579.00</subfield>
    <subfield code="l">0</subfield>
    <subfield code="o">519.535 JOH</subfield>
    <subfield code="p">B-613986</subfield>
    <subfield code="r">2016-02-29 00:00:00</subfield>
    <subfield code="t">1</subfield>
    <subfield code="v">579.00</subfield>
    <subfield code="y">EN</subfield>
  </datafield>
  <datafield tag="952" ind1=" " ind2=" ">
    <subfield code="0">0</subfield>
    <subfield code="1">0</subfield>
    <subfield code="4">0</subfield>
    <subfield code="7">0</subfield>
    <subfield code="8">NFIC</subfield>
    <subfield code="a">MP</subfield>
    <subfield code="b">MP</subfield>
    <subfield code="d">2016-02-29</subfield>
    <subfield code="e">TZ-15261-C/24.9.2015/144/16.9.2015/4.11.2015</subfield>
    <subfield code="g">579.00</subfield>
    <subfield code="l">0</subfield>
    <subfield code="o">519.535 JOH</subfield>
    <subfield code="p">B-613987</subfield>
    <subfield code="r">2016-02-29 00:00:00</subfield>
    <subfield code="t">1</subfield>
    <subfield code="v">579.00</subfield>
    <subfield code="y">EN</subfield>
  </datafield>
  <datafield tag="952" ind1=" " ind2=" ">
    <subfield code="0">0</subfield>
    <subfield code="1">0</subfield>
    <subfield code="4">0</subfield>
    <subfield code="7">0</subfield>
    <subfield code="8">NFIC</subfield>
    <subfield code="a">BL4</subfield>
    <subfield code="b">BL4</subfield>
    <subfield code="d">2016-02-29</subfield>
    <subfield code="e">TZ-15261-C/24.9.2015/144/16.9.2015/4.11.2015</subfield>
    <subfield code="g">579.00</subfield>
    <subfield code="l">0</subfield>
    <subfield code="o">519.535 JOH</subfield>
    <subfield code="p">B-613988</subfield>
    <subfield code="r">2019-10-09 00:00:00</subfield>
    <subfield code="t">1</subfield>
    <subfield code="v">579.00</subfield>
    <subfield code="y">EN</subfield>
  </datafield>
</record>
